00383nam a22001577a 4500003000400000008004100004020001800045082001400063100001700077245005000094250000700144260002500151300000800176650001700184700002400201OSt230102b ||||| |||| 00| 0 eng d a9788120340985 a174.4 MAV aMANNA,Samita aValues and Ethics in Business and Profession aEd aNew DelhibPHIc2022 a188 aGeneral Book aCHAKRABORTI,Suparna